000 00295nam a2200133Ia 4500
005 20251222144728.0
008 251222s9999||||xx |||||||||||||| ||spa||
020 _a8474904374
082 _a202/G51
100 _aGiussani, Luigi
245 0 _aMis Lecturas
264 _bEncuentro
942 _cLIB
999 _c18495
_d18495